Malaysia franchise directory 2000.
| Corporate Author: | |
|---|---|
| Format: | Book |
| Published: |
Petaling Jaya:
Malaysian Franchise Association,
2000.
|
| Edition: | 3rd ed. |
| Subjects: |
| LEADER | 00523cam a2200169 7i4500 | ||
|---|---|---|---|
| 001 | 0000009656 | ||
| 005 | 20010613090000.0 | ||
| 022 | 0 | 0 | |a 15111881 |
| 090 | 0 | 0 | |a M 381.13025 |b MAL |
| 245 | 0 | 0 | |a Malaysia franchise directory 2000. |
| 250 | 0 | 0 | |a 3rd ed. |
| 260 | 0 | 0 | |a Petaling Jaya: |b Malaysian Franchise Association, |c 2000. |
| 300 | # | # | |a 115 p. |
| 650 | 0 | 0 | |a Franchise -- |x Directories -- |z Malaysia |
| 651 | 0 | 0 | |a Malaysia |
| 710 | 1 | 2 | |a Persatuan Francais Malaysia (MFA) |
| 999 | |a 0000012427 |b Directories |c Malaysia |e Business Information Centre | ||